|
|
|
|
| LEADER |
00580cam a2200205 a 4500 |
| 001 |
0000051589 |
| 005 |
20010412090000.0 |
| 040 |
|
|
|a mod
|
| 041 |
|
|
|a eng
|
| 020 |
0 |
0 |
|a 0075604213
|
| 090 |
0 |
0 |
|a 620.10540151563
|b BEE
|
| 100 |
1 |
0 |
|a Beer
|h Ferdinand P
|
| 245 |
1 |
0 |
|a Vector mechanics for engineers dynamics
|c Ferdinand P. Beer
|
| 260 |
0 |
0 |
|a New York
|b McGraw-Hill
|c 2000
|
| 300 |
0 |
0 |
|a xix,1323p.
|b ill.
|c 26cm +1CD
|
| 650 |
0 |
0 |
|a Vector analysis
|
| 650 |
0 |
0 |
|a Dynamics
|
| 650 |
0 |
0 |
|a Mechanics applied
|
| 700 |
1 |
1 |
|a Johnson
|h E.Russel
|
| 999 |
|
|
|a 0183796
|b KTU
|d BOOKS
|e Umum
|f KTU
|j AVAILABLE
|q GOOD CONDITION
|